Las tribulaciones de la mirada: La lógica del castigo de los mercaderes, los financistas y los inspectores
Sábháilte in:
| Príomhchruthaitheoir: | |
|---|---|
| Formáid: | LEABHAR |
| Teanga: | Undetermined |
| Foilsithe / Cruthaithe: |
San José, Costa Rica
Ediciones Perro Azul
2003
|
| Ábhair: | |
| Clibeanna: |
Cuir clib leis
Níl clibeanna ann, Bí ar an gcéad duine le clib a chur leis an taifead seo!
|
MARC
| LEADER | 00000nam a2200000Ia 4500 | ||
|---|---|---|---|
| 008 | 170316s9999 xx 000 0 und d | ||
| 090 | |a 100 F-23.1t | ||
| 100 | |a Fragomeno, Roberto | ||
| 245 | |a Las tribulaciones de la mirada: La lógica del castigo de los mercaderes, los financistas y los inspectores | ||
| 260 | |a San José, Costa Rica | ||
| 260 | |b Ediciones Perro Azul | ||
| 260 | |c 2003 | ||
| 300 | |a 55 páginas | ||
| 650 | |a FILOSOFÍA | ||
| 650 | |a EL SIGLO DE LAS LUCES | ||
| 650 | |a LA LUZ ES UNA TRAMPA | ||
| 650 | |a EL TECNOLOGO ILUMINISTA | ||
| 650 | |a LA PESTE CIEGA | ||
| 650 | |a FOUCAULT: EL ESPEJO CONTRASTANTE | ||
| 650 | |a EL CASTIGO EN LAS DISCIPLINAS | ||
| 650 | |a LOS CASTIGOS DE LA ANOMIA | ||
| 999 | |c 16176 |d 16176 | ||
| 040 | |a cru BVZT | ||
| 942 | |c 15 D |h 100 F-23.1t |2 z | ||
